« Retourner aux résultats de recherche
Nous, les grands voyageurs
| Auteur principal: | Laura Knowles |
|---|---|
| D'autres auteurs: | Chris Madden Emmanuel Gros |
| Support: | Livres |
| Langue: | Francais |
| Publié: |
2018 Casterman Tournai (Belgique) |
| Genre: |
Documentaire jeunesse |
| Sujets: |
Migration
|
| Étiquettes: |
Ajouter
Pas de Tags !
|
| LEADER | 01035nam0a2200229 450 | ||
|---|---|---|---|
| 001 | 16830417 | ||
| 010 | |a 978-2-203-16199-3 |b rel. |d 14,95 | ||
| 100 | |a 20180404d2018 u u0frey01 ba | ||
| 101 | 1 | |a fre |c eng | |
| 102 | |a FR | ||
| 200 | 0 | |a Nous, les grands voyageurs |f texte de Laura Knowles |g illustrations de Chris Madden - traduit de l'anglais par Emmanuel Gros | |
| 207 | 1 | |a | |
| 210 | |a Tournai (Belgique) |b 28 Rue des Soeurs Noires. |c Casterman |d 2018 | ||
| 330 | |a Baleines à bosses, caribous, tortues luths, ours polaires, éléphants, albatros, oies sauvages : chaque double page de cet album raconte la migration extraordinaire d'un de ces grands voyageurs au fond des océans, dans les airs ou sur terre. | ||
| 610 | 0 | |a Migration | |
| 676 | |a 591 | ||
| 700 | 0 | |a Knowles |b Laura |4 70 | |
| 702 | 0 | |a Madden |b Chris |4 440 | |
| 702 | 0 | |a Gros |b Emmanuel |f 1985-.... |4 730 | |
| 900 | |a Documentaire jeunesse | ||
| 901 | |a Accessible au prêt | ||
| 995 | |a Bibliothèque |c Bibliothèque |f 024018936 |h 024018936 |k E 591 KNO |o p |q j |r az |e Bibliothèque | ||
